[Event "Bergen Chess International"]
[Site "Bergen NOR"]
[Date "2001.08.05"]
[EventDate "2001.08.04"]
[Round "2"]
[Result "1-0"]
[White "Hans Krogh Harestad"]
[Black "Havard Holder"]
[WhiteElo "2196"]
[BlackElo "2027"]
[PlyCount "117"]

1. d4 Nf6 2. c4 e6 3. Nc3 Bb4 4. Qc2 O-O 5. a3 Bxc3+ 6. Qxc3
b6 7. Bg5 Ba6 8. e3 d6 9. Nf3 Nbd7 10. Bd3 c5 11. b4 Rc8
12. dxc5 dxc5 13. O-O Re8 14. Rfd1 Qc7 15. b5 Bb7 16. Qc2 h6
17. Bh4 Ne5 18. Nxe5 Qxe5 19. Bg3 Qg5 20. f4 Qg4 21. e4 Nh5
22. Be2 Qg6 23. Bxh5 Qxh5 24. Rd7 Ba8 25. e5 Rcd8 26. Rad1
Rxd7 27. Rxd7 Qf5 28. Qxf5 exf5 29. Rxa7 Be4 30. Ra6 Rb8
31. Bh4 Bd3 32. Ra4 Bc2 33. Ra7 Bb3 34. Be7 Bxc4 35. Bd6 Rc8
36. a4 Bb3 37. a5 bxa5 38. b6 Bd5 39. b7 Bxb7 40. Rxb7 c4
41. Rb2 g5 42. Kf2 c3 43. Rc2 Rc4 44. fxg5 hxg5 45. Ke3 Kg7
46. Kd3 Re4 47. Rxc3 f6 48. Rc5 a4 49. Ra5 Re1 50. Ra7+ Kg6
51. Ra6 f4 52. exf6 Re6 53. Kd4 Rxf6 54. Ke5 Rf5+ 55. Ke4 Rf6
56. Kd5 Rf5+ 57. Be5+ Kh5 58. Rxa4 f3 59. g4+ 1-0

[Event "Bergen Chess International"]
[Site "Bergen NOR"]
[Date "2001.08.05"]
[EventDate "2001.08.04"]
[Round "2"]
[Result "1-0"]
[White "Fredrik Andersson"]
[Black "Anita Gronnestad"]
[WhiteElo "2173"]
[BlackElo "2007"]
[PlyCount "81"]

1. e4 e5 2. Nf3 Nf6 3. Nxe5 d6 4. Nf3 Nxe4 5. d4 d5 6. Bd3 Bd6
7. O-O O-O 8. c4 c6 9. Nc3 Nxc3 10. bxc3 Bg4 11. Re1 Nd7
12. Rb1 dxc4 13. Bxc4 Nb6 14. Bd3 Qf6 15. h3 Bxf3 16. Qxf3
Qxf3 17. gxf3 Rfe8 18. Be3 Nd5 19. Rxb7 Nxc3 20. Rc1 Nd5
21. Rxc6 Red8 22. Bc4 Bf8 23. Ra6 Rac8 24. Bb3 Nxe3 25. fxe3
Rc1+ 26. Kf2 Rh1 27. Rxf7 Kh8 28. Rfxa7 g6 29. Kg2 Re1 30. Rf7
Re2+ 31. Kf1 Rh2 32. Raa7 Rxh3 33. Ke2 g5 34. Be6 Rh2+ 35. Kd3
Bc5 36. Rac7 Bd6 37. Rb7 Rh6 38. Bf5 Bf8 39. Rxh7+ Rxh7
40. Rxh7+ Kg8 41. Rd7 1-0

[Event "Bergen Chess International"]
[Site "Bergen NOR"]
[Date "2001.08.06"]
[EventDate "2001.08.04"]
[Round "3"]
[Result "1-0"]
[White "Stig Gabrielsen"]
[Black "Bart Stam"]
[WhiteElo "2280"]
[BlackElo "2088"]
[PlyCount "43"]

1. e4 c5 2. Nf3 d6 3. d4 cxd4 4. Nxd4 Nf6 5. Nc3 a6 6. f4 Qc7
7. Bd3 g6 8. Nf3 Nbd7 9. O-O Bg7 10. Qe1 b5 11. a3 Bb7 12. Qh4
Rc8 13. Kh1 O-O 14. f5 Ne5 15. Nxe5 dxe5 16. Rf3 e6 17. Bg5
Nxe4 18. Nxe4 Bxe4 19. Bxe4 gxf5 20. Bxf5 exf5 21. Bf6 Bxf6
22. Rg3+ 1-0

[Event "Bergen Chess International"]
[Site "Bergen NOR"]
[Date "2001.08.06"]
[EventDate "2001.08.04"]
[Round "3"]
[Result "1-0"]
[White "Sebastian Schmidt-Schaeffer"]
[Black "Fredrik Andersson"]
[WhiteElo "2323"]
[BlackElo "2173"]
[PlyCount "51"]

1. e4 e5 2. Nf3 Nc6 3. d3 Nf6 4. Nbd2 d5 5. Be2 Be7 6. c3 a5
7. O-O O-O 8. b3 h6 9. a3 Be6 10. Rb1 Nd7 11. b4 axb4 12. axb4
Ncb8 13. Re1 c6 14. d4 dxe4 15. Nxe4 exd4 16. Nxd4 Bd5 17. Ng3
Nb6 18. Ngf5 Bf6 19. Bd3 Bxd4 20. cxd4 Qf6 21. Re3 Be6
22. Nxg7 Kxg7 23. Rg3+ Kh8 24. Qh5 Ra2 25. Bxh6 Qxf2+ 26. Kh1
1-0

[Event "Bergen Chess International"]
[Site "Bergen NOR"]
[Date "2001.08.06"]
[EventDate "2001.08.04"]
[Round "3"]
[Result "1-0"]
[White "Agnieszka Matras-Clement"]
[Black "Alexander R Flaata"]
[WhiteElo "2218"]
[BlackElo "2097"]
[PlyCount "38"]

1. e4 c5 2. Nc3 d6 3. f4 Nc6 4. Nf3 g6 5. Bc4 Bg7 6. O-O e6
7. d3 Nge7 8. Qe1 O-O 9. f5 exf5 10. Qh4 a6 11. Bh6 b5 12. Bb3
Nd4 13. Ng5 Nxb3 14. Bxg7 Kxg7 15. Qxh7+ Kf6 16. e5+ Kxg5
17. h4+ Kg4 18. Qh6 Ng8 19. Rf4+ Kg3 1-0

[Event "Bergen Chess International"]
[Site "Bergen NOR"]
[Date "2001.08.06"]
[EventDate "2001.08.04"]
[Round "3"]
[Result "1-0"]
[White "Lars Schandorff"]
[Black "Trond Gabrielsen"]
[WhiteElo "2551"]
[BlackElo "2217"]
[PlyCount "78"]

1. d4 d5 2. c4 e6 3. Nf3 c6 4. Qc2 Nf6 5. Bg5 h6 6. Bxf6 Qxf6
7. g3 Bb4+ 8. Nc3 dxc4 9. Bg2 Nd7 10. O-O e5 11. d5 Bxc3
12. dxc6 Bb4 13. cxd7+ Bxd7 14. Qxc4 Bd6 15. Nd2 Rc8 16. Qd3
Qe7 17. Bxb7 Rb8 18. Nc4 Bc5 19. Bd5 O-O 20. Rac1 Bh3 21. Rfd1
Kh8 22. Bg2 Bxg2 23. Kxg2 e4 24. Qc3 Rfe8 25. Rd5 e3 26. f3
Bb4 27. Qd4 Qe6 28. Rd1 Qa6 29. Rd7 Qxa2 30. Rxf7 Bf8 31. Rxa7
Qb3 32. Nd6 Re7 33. Rxe7 Bxe7 34. Rd3 Qxb2 35. Qxe3 Bf6
36. Ne4 Be5 37. Rd2 Qa1 38. f4 Bb2 39. Rc2 Bd4 1-0

[Event "Bergen Chess International"]
[Site "Bergen NOR"]
[Date "2001.08.06"]
[EventDate "2001.08.04"]
[Round "3"]
[Result "1-0"]
[White "Rune Djurhuus"]
[Black "Saevar Bjarnason"]
[WhiteElo "2474"]
[BlackElo "2281"]
[PlyCount "66"]

1. d4 Nf6 2. Nf3 e6 3. e3 b6 4. Bd3 Bb7 5. O-O Be7 6. c4 O-O
7. Nc3 d5 8. b3 c5 9. Bb2 cxd4 10. exd4 Nc6 11. Rc1 Rc8 12. a3
Qd6 13. c5 Qb8 14. b4 bxc5 15. dxc5 e5 16. Bf5 Rcd8 17. b5 Na5
18. Na4 Nc4 19. c6 Bc8 20. Bxe5 Qxb5 21. c7 Rde8 22. Nc3 Qa6
23. Bxc8 Rxc8 24. Bxf6 gxf6 25. Nxd5 Bxa3 26. Qd3 Bxc1
27. Rxc1 Rfe8 28. h3 Re6 29. Rxc4 Kh8 30. Qc2 Qd6 31. Rh4 f5
32. Qxf5 h6 33. g3 Rg8 1-0

[Event "Bergen Chess International"]
[Site "Bergen NOR"]
[Date "2001.08.06"]
[EventDate "2001.08.04"]
[Round "3"]
[Result "0-1"]
[White "Per Erik Manne"]
[Black "Einar J Gausel"]
[WhiteElo "2386"]
[BlackElo "2520"]
[PlyCount "78"]

1. d4 d5 2. Nf3 c6 3. g3 Bg4 4. Bg2 Nd7 5. Nbd2 Ngf6 6. b3 e6
7. Bb2 Be7 8. O-O O-O 9. c4 Bh5 10. h3 a5 11. a3 Qb6 12. Re1
Ne4 13. Nxe4 dxe4 14. Nd2 f5 15. g4 Bg6 16. e3 Rad8 17. f3
exf3 18. Bxf3 e5 19. gxf5 Bxf5 20. Bg4 Qc7 21. Bxf5 Rxf5
22. Ne4 Nf6 23. Qc2 Nxe4 24. Qxe4 Rg5+ 25. Kh1 Qd7 26. Re2
exd4 27. exd4 Qxh3+ 28. Rh2 Qf5 29. Qxf5 Rxf5 30. Rh3 Bf6
31. Rd1 c5 32. Rhd3 Rf4 33. Bc3 Bxd4 34. Bxa5 Rd6 35. Kg2 Rf2+
36. Kg3 Rg6+ 37. Kh3 Rf5 38. Bd8 Rh5+ 39. Bh4 Rgh6 0-1

[Event "Bergen Chess International"]
[Site "Bergen NOR"]
[Date "2001.08.06"]
[EventDate "2001.08.04"]
[Round "3"]
[Result "1-0"]
[White "Stig K Martinsen"]
[Black "Mark Weighell"]
[WhiteElo "2076"]
[BlackElo "2119"]
[PlyCount "61"]

1. d4 Nf6 2. Nf3 d5 3. e3 e6 4. Bd3 Bd6 5. O-O O-O 6. Nbd2 c5
7. b3 cxd4 8. exd4 Nc6 9. Bb2 Qc7 10. c4 Bf4 11. Re1 b6
12. Rc1 dxc4 13. bxc4 Bb7 14. d5 Nb4 15. Bb1 Qd8 16. a3 Na6
17. Qc2 Re8 18. Bxf6 Qxf6 19. Qxh7+ Kf8 20. dxe6 fxe6 21. Rcd1
Ke7 22. Qh3 Rh8 23. Qg4 Nc5 24. Ne4 Bxe4 25. Bxe4 Raf8 26. g3
Bb8 27. Rd2 Rh6 28. Ng5 Be5 29. Re3 Nxe4 30. Nxe4 Qf5 31. Qd1
1-0

[Event "Bergen Chess International"]
[Site "Bergen NOR"]
[Date "2001.08.06"]
[EventDate "2001.08.04"]
[Round "3"]
[Result "1/2-1/2"]
[White "Norbert Sprotte"]
[Black "Pontus Carlsson"]
[WhiteElo "2240"]
[BlackElo "2330"]
[PlyCount "33"]

1. d4 e6 2. c4 Nf6 3. Nf3 b6 4. e3 Bb7 5. Bd3 Bb4+ 6. Bd2
Bxd2+ 7. Nbxd2 O-O 8. O-O d6 9. Qc2 Qe7 10. Ng5 h6 11. Nh7
Nxh7 12. Bxh7+ Kh8 13. Be4 c6 14. g3 Nd7 15. Bg2 Nf6 16. Rfd1
Rac8 17. Qa4 1/2-1/2

[Event "Bergen Chess International"]
[Site "Bergen NOR"]
[Date "2001.08.06"]
[EventDate "2001.08.04"]
[Round "3"]
[Result "1-0"]
[White "Jan Vidar Vestly"]
[Black "Per Ofstad"]
[WhiteElo "2109"]
[BlackElo "2205"]
[PlyCount "127"]

1. d4 d5 2. Nf3 Nf6 3. Bf4 e6 4. e3 Be7 5. h3 Nbd7 6. Nbd2 c5
7. c3 b6 8. Bd3 Bb7 9. Qc2 h6 10. O-O O-O 11. Bh2 Rc8 12. a4
Nb8 13. Ne5 Nc6 14. f4 cxd4 15. Nxc6 Rxc6 16. exd4 Bd6 17. Nf3
Rc7 18. a5 Ne4 19. axb6 axb6 20. Qb3 Re7 21. Qc2 Qc7 22. Ne5
Ree8 23. Ra7 Ra8 24. Rfa1 f6 25. Rxa8 Bxa8 26. Ng6 Rd8 27. h4
f5 28. Bxe4 dxe4 29. Bg3 Bd5 30. h5 b5 31. Bh4 Rc8 32. Ra6 Kh7
33. Qf2 b4 34. Rxd6 Qxd6 35. Be7 Qa6 36. Bxb4 Qd3 37. Qh4 e3
38. Ne5 Qd1+ 39. Kh2 Qd2 40. Qh3 Qf2 41. Qg3 Qxg3+ 42. Kxg3
Ra8 43. Ba3 Ra4 44. Ng6 Ra6 45. Ne5 Ra4 46. Ng6 Ra6 47. Ne5
Be4 48. Ng6 Kg8 49. Ne5 Ra4 50. Nd7 e2 51. Kf2 Bxg2 52. Kxe2
Bh3 53. Nc5 Ra8 54. Nxe6 Bg4+ 55. Kf2 Bxh5 56. d5 Kf7 57. Nd4
g6 58. d6 Bd1 59. c4 Ra4 60. d7 Ra8 61. Nc6 Bb3 62. d8=Q Rxd8
63. Nxd8+ Ke8 64. Nb7 1-0

[Event "Bergen Chess International"]
[Site "Bergen NOR"]
[Date "2001.08.06"]
[EventDate "2001.08.04"]
[Round "3"]
[Result "1-0"]
[White "Ole Johan Valaker"]
[Black "Havard Holder"]
[WhiteElo "2134"]
[BlackElo "2027"]
[PlyCount "87"]

1. Nf3 e6 2. d4 Nf6 3. Bg5 c5 4. e3 Nc6 5. Nbd2 h6 6. Bxf6
gxf6 7. c3 b6 8. a3 Bb7 9. b4 a5 10. b5 Na7 11. g3 Nc8 12. Bg2
Qc7 13. O-O Nd6 14. Qe2 f5 15. Ne5 Bxg2 16. Kxg2 Qb7+ 17. f3
cxd4 18. exd4 Qd5 19. Ndc4 Nxc4 20. Nxc4 Rb8 21. Ne3 Qb3
22. Nxf5 Rc8 23. Rfb1 Qd5 24. Ne3 Qg5 25. f4 Qg7 26. Nd5 h5
27. Nxb6 Rxc3 28. Qd2 Rxa3 29. Rxa3 Bxa3 30. Qc3 O-O 31. Nxd7
Bb4 32. Qc4 Qg6 33. f5 Qxf5 34. Rf1 Qe4+ 35. Rf3 f5 36. Nxf8
Kxf8 37. b6 h4 38. Qd3 Qb7 39. d5 Qxb6 40. dxe6 Qxe6 41. Rxf5+
Ke7 42. g4 Bd6 43. Kh3 a4 44. Ra5 1-0

[Event "Bergen Chess International"]
[Site "Bergen NOR"]
[Date "2001.08.06"]
[EventDate "2001.08.04"]
[Round "3"]
[Result "0-1"]
[White "Yves Miellet-Bensan"]
[Black "Olli Salmensuu"]
[WhiteElo "2243"]
[BlackElo "2431"]
[PlyCount "110"]

1. e4 e6 2. d4 d5 3. Nc3 Nf6 4. Bg5 Bb4 5. e5 h6 6. Bd2 Bxc3
7. bxc3 Ne4 8. Bd3 c5 9. Bxe4 dxe4 10. Qg4 Kf8 11. Ne2 Qd5
12. O-O Nc6 13. Rfd1 cxd4 14. cxd4 b6 15. Rac1 Ba6 16. c4 Bxc4
17. Nc3 Qxd4 18. Nxe4 Bd5 19. Bxh6 Qxe5 20. f4 f5 21. Qg3 Qc7
22. Rxd5 Rxh6 23. Rd6 fxe4 24. Rdxc6 Qd7 25. Qa3+ Kg8 26. Rd6
Qe7 27. Rcd1 Rf8 28. g3 g5 29. f5 Rhf6 30. Qb3 Rxf5 31. Qxe6+
Qf7 32. Qxf7+ Kxf7 33. Re1 Re8 34. Rd7+ Kg6 35. Rxa7 Rb5
36. Re2 Kf5 37. Kg2 Ke5 38. Ra3 Kd4 39. h3 e3 40. g4 Rbe5
41. Rb3 b5 42. Kf3 Rf8+ 43. Kg2 Rf7 44. Kg1 Rc7 45. Kg2 Rf7
46. Kg1 Ra7 47. Kg2 Ra8 48. Kf3 Rf8+ 49. Kg2 Rf6 50. Kg1 Rc6
51. Kg2 Rc3 52. Rbb2 Kd3 53. Kf3 Re4 54. Kg3 Rc1 55. Rg2 e2
0-1

[Event "Bergen Chess International"]
[Site "Bergen NOR"]
[Date "2001.08.06"]
[EventDate "2001.08.04"]
[Round "3"]
[Result "0-1"]
[White "Anita Gronnestad"]
[Black "Miitrei Sorsa"]
[WhiteElo "2007"]
[BlackElo "2111"]
[PlyCount "138"]

1. e4 c5 2. Nf3 d6 3. d3 Nc6 4. Nbd2 g6 5. g3 Bg7 6. Bg2 e5
7. O-O Nge7 8. a4 O-O 9. c3 h6 10. Nc4 Be6 11. Nfd2 Qd7 12. f4
exf4 13. gxf4 d5 14. exd5 Nxd5 15. Ne4 b6 16. Ne5 Nxe5
17. fxe5 Bxe5 18. Bxh6 Rfe8 19. Qd2 f5 20. Ng5 Rad8 21. Rae1
Bb8 22. Nxe6 Rxe6 23. Rxe6 Qxe6 24. Re1 Qd6 25. Bxd5+ Qxd5
26. Qg5 Qd6 27. Re2 Kf7 28. Qe3 Qd7 29. a5 Re8 30. Qxe8+ Qxe8
31. Rxe8 Kxe8 32. axb6 axb6 33. h3 Be5 34. Kf2 Bf6 35. Be3 g5
36. Kf3 Kd7 37. Bd2 Ke6 38. Be3 Kf7 39. Bd2 Kg6 40. Be3 Kh5
41. Kg2 Be5 42. d4 cxd4 43. cxd4 Bd6 44. Kf3 Kh4 45. Kg2 g4
46. hxg4 Kxg4 47. d5 b5 48. Kf2 f4 49. Bd4 f3 50. Kf1 Kf4
51. Kf2 Ke4 52. Bb6 Be7 53. Kg3 Bd6+ 54. Kf2 Bb8 55. b3 Bd6
56. Ba7 Bb4 57. Bb6 Be7 58. Kg3 Bd6+ 59. Kf2 Bb8 60. b4 Bd6
61. Ba5 Be7 62. Kg3 Ke3 63. Bb6+ Ke2 64. Kf4 Bxb4 65. Ke4 Bd6
66. Bg1 f2 67. Bxf2 Kxf2 68. Kd4 Kf3 69. Kd3 Bc5 0-1

[Event "Bergen Chess International"]
[Site "Bergen NOR"]
[Date "2001.08.06"]
[EventDate "2001.08.04"]
[Round "3"]
[Result "0-1"]
[White "Svein Johannessen"]
[Black "Davit Lobzhanidze"]
[WhiteElo "2269"]
[BlackElo "2501"]
[PlyCount "80"]

1. d4 Nf6 2. c4 c5 3. dxc5 e6 4. Nc3 Bxc5 5. Nf3 O-O 6. a3 b6
7. Bg5 Bb7 8. e3 Be7 9. Be2 d6 10. O-O Nbd7 11. Bf4 Nc5
12. Rc1 a5 13. b4 axb4 14. axb4 Na6 15. Rb1 d5 16. b5 Nc5
17. Nd4 Nfe4 18. Nxe4 Nxe4 19. Qc2 Qd7 20. f3 Nc5 21. Rfd1 Bf6
22. Bg3 Rfc8 23. Nc6 Bxc6 24. bxc6 Qxc6 25. cxd5 exd5 26. Qf5
Rd8 27. Bb5 Qb7 28. Rd2 Qe7 29. Rxd5 g6 30. Rxd8+ Rxd8 31. Qc2
Qxe3+ 32. Bf2 Qg5 33. Rd1 Rxd1+ 34. Qxd1 Ne6 35. Bf1 Bd4
36. Bxd4 Qd5 37. Qc2 Qxd4+ 38. Kh1 b5 39. h3 b4 40. Qc8+ Kg7
0-1

[Event "Bergen Chess International"]
[Site "Bergen NOR"]
[Date "2001.08.06"]
[EventDate "2001.08.04"]
[Round "3"]
[Result "1/2-1/2"]
[White "Kjetil Stokke"]
[Black "Geir Sune Tallaksen Ostmoe"]
[WhiteElo "2016"]
[BlackElo "2239"]
[PlyCount "41"]

1. e4 e5 2. Nf3 Nc6 3. Nc3 g6 4. d4 exd4 5. Nxd4 Bg7 6. Be3
Nge7 7. Qd2 d6 8. O-O-O Be6 9. Nxe6 fxe6 10. Bc4 Qd7 11. a3
O-O-O 12. f4 e5 13. g3 Kb8 14. Nd5 Rde8 15. Rhf1 Rhf8 16. Bb5
exf4 17. gxf4 a6 18. Ba4 b5 19. Bb3 Nxd5 20. exd5 Ne7 21. Bg1
1/2-1/2

[Event "Bergen Chess International"]
[Site "Bergen NOR"]
[Date "2001.08.06"]
[EventDate "2001.08.04"]
[Round "3"]
[Result "1-0"]
[White "Linus Olsson"]
[Black "Bosse Lindberg"]
[WhiteElo "2196"]
[BlackElo "2248"]
[PlyCount "54"]

1. d4 e6 2. c4 Bb4+ 3. Nd2 b6 4. Ngf3 Bb7 5. e3 Nf6 6. Bd3 O-O
7. O-O Bxd2 8. Nxd2 d6 9. b3 Nbd7 10. Bb2 e5 11. Qc2 Qe7
12. dxe5 dxe5 13. Ne4 Rfe8 14. Rad1 Rad8 15. Ng3 e4 16. Be2
Qe6 17. Rd2 Ne5 18. Rfd1 Rxd2 19. Rxd2 c5 20. Qd1 Qe7 21. Nf5
Qc7 22. Nd6 Re6 23. Nb5 Qe7 24. Rd8+ Ne8 25. Rxe8+ Qxe8
26. Nc7 Qb8 27. Nxe6 Nd3 1-0

[Event "Bergen Chess International"]
[Site "Bergen NOR"]
[Date "2001.08.06"]
[EventDate "2001.08.04"]
[Round "3"]
[Result "1-0"]
[White "Dennis Wallin"]
[Black "Frederic Crapis"]
[WhiteElo "2192"]
[BlackElo "2030"]
[PlyCount "73"]

1. d4 Nf6 2. c4 d6 3. Nc3 g6 4. e4 Bg7 5. f3 O-O 6. Nge2 c6
7. Be3 a6 8. g4 h5 9. gxh5 Nxh5 10. Ng3 Qa5 11. Qd2 e5
12. Nxh5 exd4 13. Nxg7 dxe3 14. Qxe3 Kxg7 15. O-O-O Be6
16. Rxd6 Nd7 17. Rxd7 Bxd7 18. Qd4+ Kg8 19. Qxd7 Rfd8 20. Qg4
Qc5 21. Qg1 Qd6 22. Qe3 b5 23. Be2 b4 24. Nb1 Rab8 25. h4 Qd4
26. Qxd4 Rxd4 27. Rd1 Rxd1+ 28. Kxd1 Kg7 29. Nd2 Rh8 30. Nb3
Rxh4 31. c5 Rh1+ 32. Kd2 Rb1 33. Kc2 Re1 34. Bxa6 Kf6 35. Nd4
Ke5 36. Nxc6+ Kf4 37. Nxb4 1-0

[Event "Bergen Chess International"]
[Site "Bergen NOR"]
[Date "2001.08.06"]
[EventDate "2001.08.04"]
[Round "3"]
[Result "0-1"]
[White "Preben Andersen"]
[Black "Nikola Mitkov"]
[WhiteElo "2041"]
[BlackElo "2547"]
[PlyCount "78"]

1. d4 Nf6 2. Nf3 d5 3. c4 e6 4. g3 Nc6 5. Bg2 dxc4 6. O-O Rb8
7. Ne5 Nxe5 8. dxe5 Qxd1 9. Rxd1 Nd7 10. f4 Bc5+ 11. Kh1 b5
12. Nd2 Bb6 13. a4 a6 14. axb5 axb5 15. Ne4 Bb7 16. Nc3 Bxg2+
17. Kxg2 b4 18. Nb5 Nc5 19. Na7 Nb3 20. Nc6 Nxa1 21. Nxb8 Nc2
22. Nc6 O-O 23. Kf3 Ra8 24. f5 exf5 25. Ne7+ Kf8 26. Nxf5 Re8
27. Bf4 h5 28. Rd7 b3 29. Bg5 c3 30. e6 fxe6 31. Nxg7 Nd4+
32. Kg2 cxb2 33. Nxh5 Nf5 34. Nf6 Bd4 35. Nh7+ Kg8 36. Bf6
b1=Q 37. Bxd4 Qe4+ 38. Kh3 Qxd4 39. Rxd4 Nxd4 0-1

[Event "Bergen Chess International"]
[Site "Bergen NOR"]
[Date "2001.08.06"]
[EventDate "2001.08.04"]
[Round "3"]
[Result "1-0"]
[White "Magne Sagafos"]
[Black "Ragnar Edvardsen"]
[WhiteElo "2208"]
[BlackElo "2023"]
[PlyCount "123"]

1. e4 c5 2. Nf3 Nc6 3. d4 cxd4 4. Nxd4 Nf6 5. Nc3 e5 6. Ndb5
d6 7. Bg5 a6 8. Na3 b5 9. Bxf6 gxf6 10. Nd5 f5 11. Bd3 Be6
12. O-O Bg7 13. c4 bxc4 14. Nxc4 Bxd5 15. exd5 Nd4 16. Qa4+
Kf8 17. Qb4 e4 18. Bb1 a5 19. Qa3 Ra6 20. Re1 Rg8 21. Kh1 Qc7
22. Qa4 Bf6 23. a3 Kg7 24. Ne3 Kh8 25. Nxf5 Nxf5 26. Qxe4 Qe7
27. Bd3 Qxe4 28. Rxe4 Rb6 29. Rf4 Rxb2 30. Rxf5 Rxf2 31. Rxf2
Bxa1 32. Rxf7 Rg7 33. Rf8+ Rg8 34. Rf4 Rc8 35. Bc4 Be5 36. Re4
Kg7 37. g3 Kf6 38. Kg2 h6 39. a4 Rb8 40. Bb5 Rc8 41. Re2 Rc3
42. Rf2+ Kg7 43. Kh3 Bd4 44. Rf4 Bg1 45. Rf1 Bd4 46. Kg4 Rc2
47. h4 Rc3 48. Kf5 Rxg3 49. Ke6 Rg6+ 50. Kd7 Bc5 51. Rf4 Rf6
52. Re4 Ba3 53. Re6 Bb4 54. Bd3 Rf4 55. Rg6+ Kf7 56. h5 Rf6
57. Rg4 Ba3 58. Bh7 Kf8 59. Rg8+ Kf7 60. Rg3 Bb4 61. Bg8+ Kf8
62. Be6 1-0

[Event "Bergen Chess International"]
[Site "Bergen NOR"]
[Date "2001.08.06"]
[EventDate "2001.08.04"]
[Round "3"]
[Result "1-0"]
[White "Katarzyna Toma"]
[Black "Torbjorn Ringdal Hansen"]
[WhiteElo "2174"]
[BlackElo "2244"]
[PlyCount "65"]

1. e4 e5 2. Nf3 Nf6 3. Nxe5 d6 4. Nf3 Nxe4 5. d4 d5 6. Bd3 Bd6
7. O-O O-O 8. c4 c6 9. h3 Bf5 10. Nc3 Bb4 11. Qc2 Re8 12. Re1
Nd7 13. Bd2 Nxd2 14. Qxd2 Rxe1+ 15. Rxe1 Bxd3 16. Qxd3 dxc4
17. Qxc4 Bf8 18. Ne5 Nxe5 19. dxe5 Qd2 20. Re2 Qc1+ 21. Kh2
Rd8 22. e6 fxe6 23. Qxe6+ Kh8 24. Qf7 h6 25. Qxb7 Qf4+ 26. g3
Qf3 27. Qxa7 Rd3 28. Qb8 Kh7 29. Qe5 Bd6 30. Qe4+ Qxe4
31. Nxe4 Bc7 32. Kg2 Bd8 33. Rd2 1-0

[Event "Bergen Chess International"]
[Site "Bergen NOR"]
[Date "2001.08.06"]
[EventDate "2001.08.04"]
[Round "3"]
[Result "0-1"]
[White "Flemming Christenson"]
[Black "Thomas Johansson"]
[WhiteElo "2218"]
[BlackElo "2250"]
[PlyCount "68"]

1. Nf3 g6 2. d4 Bg7 3. c4 f5 4. g3 Nf6 5. Bg2 d6 6. O-O O-O
7. d5 c5 8. Nc3 Na6 9. a3 h6 10. Qd3 Qe8 11. Re1 Qf7 12. b3
Rb8 13. Bb2 Nc7 14. b4 e5 15. dxe6 Bxe6 16. Nd2 Ng4 17. Nd1
Ne5 18. Bxe5 dxe5 19. e4 Rbd8 20. Qc3 b5 21. cxb5 Nxb5
22. Qxc5 Rxd2 23. Qxb5 f4 24. f3 Rc8 25. g4 Rcc2 26. Bf1 a6
27. Qxa6 Qd7 28. Qb6 Bxg4 29. Nf2 Bxf3 30. Bh3 Qd4 31. Qxd4
exd4 32. Rf1 d3 33. Rac1 Bd4 34. Rxc2 dxc2 0-1

[Event "Bergen Chess International"]
[Site "Bergen NOR"]
[Date "2001.08.06"]
[EventDate "2001.08.04"]
[Round "3"]
[Result "1-0"]
[White "Joanna Dworakowska"]
[Black "Tatjana Georgieva Plachkinova"]
[WhiteElo "2350"]
[BlackElo "2190"]
[PlyCount "91"]

1. e4 c5 2. Nf3 d6 3. d4 cxd4 4. Nxd4 Nf6 5. Nc3 a6 6. Be3
Nbd7 7. f3 Nb6 8. Qd2 e5 9. Nb3 Be6 10. O-O-O Rc8 11. g4 Qc7
12. Kb1 Be7 13. Qf2 Nfd7 14. Nd5 Bxd5 15. exd5 Nc4 16. Bxc4
Qxc4 17. g5 f5 18. f4 O-O 19. Rd3 Bd8 20. Rhd1 Qb5 21. Bc1 Bb6
22. Qh4 g6 23. Qg3 a5 24. h4 a4 25. Nd2 e4 26. c4 Qb4 27. Rc3
e3 28. Rxe3 Bxe3 29. Qxe3 Rfe8 30. Qh3 Qc5 31. h5 Qe3 32. Qh4
Qe2 33. hxg6 hxg6 34. Rh1 Qh5 35. Qxh5 gxh5 36. Rxh5 b5 37. b3
axb3 38. axb3 bxc4 39. Nxc4 Rb8 40. Bb2 Nc5 41. Rh8+ Kf7
42. Nxd6+ Ke7 43. Rxe8+ Rxe8 44. Nxe8 Kxe8 45. Kc2 Ne4 46. Be5
1-0

[Event "Bergen Chess International"]
[Site "Bergen NOR"]
[Date "2001.08.06"]
[EventDate "2001.08.04"]
[Round "3"]
[Result "0-1"]
[White "Edmund Soh"]
[Black "Philip Landgren"]
[WhiteElo "2104"]
[BlackElo "2193"]
[PlyCount "84"]

1. e4 e5 2. Nf3 Nc6 3. d4 exd4 4. Bc4 Nf6 5. O-O Nxe4 6. Re1
d5 7. Bxd5 Qxd5 8. Nc3 Qa5 9. Nxe4 Be6 10. Neg5 O-O-O 11. Nxe6
fxe6 12. Rxe6 Bd6 13. Bg5 Rdf8 14. Qe2 a6 15. a3 Kb8 16. Bd2
Qh5 17. Ne5 Qxe2 18. Nxc6+ bxc6 19. Rxe2 c5 20. b4 Re8
21. Rae1 Rxe2 22. Rxe2 Kb7 23. bxc5 Bxc5 24. Bb4 Bxb4 25. axb4
Kc6 26. Re6+ Kb5 27. Kf1 Ra8 28. Ke2 Kxb4 29. Kd2 a5 30. Kc1
a4 31. Kb2 a3+ 32. Ka2 c5 33. Rc6 c4 34. f4 Rd8 35. g4 d3
36. cxd3 cxd3 37. Rb6+ Kc3 38. Rc6+ Kb4 39. Rb6+ Kc5 40. Rb1
d2 41. Rd1 Kb4 42. f5 Kc3 0-1

[Event "Bergen Chess International"]
[Site "Bergen NOR"]
[Date "2001.08.06"]
[EventDate "2001.08.04"]
[Round "3"]
[Result "1-0"]
[White "Emanuel Berg"]
[Black "Kjetil A Lie"]
[WhiteElo "2496"]
[BlackElo "2347"]
[PlyCount "139"]

1. e4 c5 2. Nf3 e6 3. d4 cxd4 4. Nxd4 a6 5. Bd3 Nf6 6. Nc3 Qc7
7. f4 Bb4 8. Bd2 d6 9. Nb3 Nbd7 10. a3 Bc5 11. Nxc5 Nxc5
12. Qe2 O-O 13. O-O Nxd3 14. cxd3 Bd7 15. Rf3 d5 16. e5 Ng4
17. h3 Nh6 18. g4 Kh8 19. Be3 Ng8 20. Rc1 Rac8 21. Qe1 Qd8
22. Qf2 f6 23. exf6 Qxf6 24. Bd4 Qg6 25. Re1 Rf7 26. Re5 h6
27. Rg3 Ne7 28. f5 exf5 29. gxf5 Qd6 30. Qg2 Rg8 31. Nxd5 Nc6
32. Rg6 Qxe5 33. Bxe5 Nxe5 34. Rg3 Bxf5 35. Re3 Nc6 36. Qe2
Rgf8 37. Re8 Kh7 38. Rxf8 Rxf8 39. Kh2 Bg6 40. Qe3 Rf7 41. Nf4
Bf5 42. d4 g5 43. Nd3 Re7 44. Ne5 Nxe5 45. dxe5 b5 46. Qc5 Re6
47. Qf8 Bg6 48. Qc8 Bf7 49. Qc2+ Kg7 50. Qf5 Kf8 51. Kg3 Ke7
52. Qe4 Be8 53. Qh7+ Bf7 54. Qh8 h5 55. Qb8 Rg6 56. Qh8 Re6
57. Kf3 Rc6 58. Ke3 Re6 59. Ke4 Bg6+ 60. Kd4 Bf7 61. Qh7 Rc6
62. b3 Re6 63. Ke4 Rc6 64. Kf5 Rc3 65. Qh6 Rf3+ 66. Ke4 g4
67. hxg4 hxg4 68. Qd6+ Ke8 69. e6 Re3+ 70. Kxe3 1-0

[Event "Bergen Chess International"]
[Site "Bergen NOR"]
[Date "2001.08.06"]
[EventDate "2001.08.04"]
[Round "3"]
[Result "0-1"]
[White "Hans Olav Lahlum"]
[Black "Arnar Gunnarsson"]
[WhiteElo "2227"]
[BlackElo "2263"]
[PlyCount "68"]

1. d4 d5 2. c4 c6 3. Nc3 Nf6 4. e3 Bf5 5. cxd5 Nxd5 6. Qb3 Nb6
7. Nf3 N8d7 8. e4 Bg4 9. Be2 Bxf3 10. Bxf3 e5 11. Be3 exd4
12. Bxd4 Bc5 13. O-O-O Qg5+ 14. Kb1 O-O 15. Na4 Bxd4 16. Rxd4
Nxa4 17. Qxa4 Ne5 18. Qb3 b6 19. h3 Rad8 20. Rhd1 h6 21. Qc3
Rde8 22. Rd6 Qh4 23. g3 Qxh3 24. Rh1 Qc8 25. Bg2 c5 26. f4 Nc6
27. Bh3 Qa8 28. Bg2 Nd4 29. g4 Nb5 30. Qh3 Nxd6 31. e5 Ne4
32. g5 Nxg5 33. fxg5 Qc8 34. Qf3 Rxe5 0-1

[Event "Bergen Chess International"]
[Site "Bergen NOR"]
[Date "2001.08.06"]
[EventDate "2001.08.04"]
[Round "3"]
[Result "1-0"]
[White "Andreas Bachmann"]
[Black "Arn Tore Haugsdal"]
[WhiteElo "2303"]
[BlackElo "2144"]
[PlyCount "107"]

1. d4 Nf6 2. c4 c5 3. d5 b5 4. cxb5 a6 5. bxa6 Bxa6 6. Nc3 d6
7. e4 Bxf1 8. Kxf1 g6 9. Nf3 Bg7 10. h3 O-O 11. Kg1 e6 12. Kh2
exd5 13. exd5 Nbd7 14. Qc2 Re8 15. Be3 Ne5 16. Nxe5 Rxe5
17. Rad1 Rb8 18. Bf4 Rf5 19. Bc1 Nh5 20. Rhe1 Bd4 21. Re2 Qh4
22. Qe4 Be5+ 23. Kg1 Nf4 24. Bxf4 Rxf4 25. Qc2 Rbb4 26. g3 Qg5
27. Ne4 Rfxe4 28. Rxe4 Rxb2 29. Qd3 f5 30. Re2 Rb4 31. Qf3 f4
32. g4 Qd8 33. a3 Ra4 34. Rb1 Qa8 35. Rb3 Rd4 36. Reb2 Qxd5
37. Qxd5+ Rxd5 38. Rb8+ Kg7 39. R2b7+ Kh6 40. Kg2 g5 41. Rf7
Kg6 42. Rf5 Rd3 43. Rg8+ Bg7 44. Re8 h6 45. Re6+ Kh7 46. Rf7
Kg8 47. Rd7 f3+ 48. Kg3 Kf8 49. Re3 Rxe3 50. fxe3 Bb2 51. Kxf3
c4 52. Rxd6 Ke7 53. Rc6 c3 54. a4 1-0